| 000 | 00381nam a22001457a 4500 | ||
|---|---|---|---|
| 020 | _a81-7176-155-1 | ||
| 082 |
_a746.92 _bCAS/F |
||
| 100 | _aCASTELINO, MEHER | ||
| 245 | _aFASHION KALEIDOSCOPE | ||
| 260 |
_aDELHI _bRUPA & CO _c1994 |
||
| 300 | _a249 | ||
| 520 | _aA QUICK FLASHBACK INTO THE FASCINATING WORLD OF INDIAN FASHION | ||
| 650 |
_aFASHION DESIGNING _zINDIA |
||
| 942 | _cBK | ||
| 999 |
_c5904 _d5904 |
||